Митрополит Василь Липківський (Запис № 344787)

МАРК-запис
000 -Лідер
fixed length control field 00648nam a22002417a 4500
003 - Ідентифікатор контрольного номера
control field UA-OsUOA
001 - Контрольний номер
control field 58791
007 - Фіксоване поле фізичного опису
fixed length control field ta
008 - Елементи даних фіксованої довжини – загальна інформація
fixed length control field 20090225b un ||||| |||| 00| 0 ukr d
090 ## - Локальний шифр розміщення
Класифікаційний індекс УДК 262.12: 929
Авторський знак (НП) З-66
040 ## - Джерело каталогізації
Агенція оригінальної каталогізації UA-OsUOA
Мова каталогізації ukr
Агенція, яка здійснювала перезапис UA-OsUOA
Агенція, яка здійснювала модифікацію UA-OsUOA
041 ## - Код мови
Код мови тексту/ звукової доріжки чи окремого заголовка (П) ukr
080 ## - Індекс Універсальної десяткової класифікації
Індекс Універсальної десяткової класифікації (УДК) (НП) 262.12: 929
020 ## - Міжнародний стандартний книжковий номер (ISBN)
Міжнародний стандартний книжковий номер (ISBN) (НП) 966-8968-03-4
100 ## - Основне введення – ім’я особи
Ім’я особи (НП) Зінченко А.
245 ## - Відомості про назву
Назва (НП) Митрополит Василь Липківський
260 ## - Публікація, розповсюдження і т.п. (Вихідні дані)
Місце публікації, розповсюдження і т.п. (П) К.
Ім’я/ наймення видавництва, розповсюджувача і т.п. (П) Атлант ЮЕмСі
Дата публікації, розповсюдження і т.п. (П) 2007
300 ## - Фізичний опис
Обсяг 63 с.
650 #7 - Додаткове предметне введення – тематичний термін
Тематичний термін чи географічна назва, як елемент введення (НП) 26 Християнська Церква загалом
Джерело заголовка чи терміна UDC
942 ## - Додаткові елементи входу (Коха)
Тип елемента Koha Книги
955 ## - Код типу видання за змістом
Код типу видання за змістом (НП) Наукові видання
Фонди
Стан вилучень Стан втрат Джерело класифікації або схеми стелажів Стан уражень Не для кредиту Постійне місце розташування Поточне розміщення Дата придбання Джерело придбання Вартість, звичайна ціна покупки Інвентарний номер Усього замовленно Повний номер виклику Штрих-код Дата останнього перегляду Ціна ефективна від Тип елемента Koha Дата останньої перевірки Код колекції
    Universal Decimal Classification     АБ - Абонемент НБ АБ - Абонемент НБ 25/02/2009 25/2009 12.00 119711   262.12: 929 З-66 119711 05/11/2021 25/02/2009 Книги    
    Universal Decimal Classification     АБ - Абонемент НБ АБ - Абонемент НБ 25/02/2009 25/2009 12.00 119712   262.12: 929 З-66 119712 05/11/2021 25/02/2009 Книги    
    Universal Decimal Classification     АБ - Абонемент НБ АБ - Абонемент НБ 25/02/2009 25/2009 12.00 119713   262.12: 929 З-66 119713 05/11/2021 25/02/2009 Книги    
    Universal Decimal Classification     АБ - Абонемент НБ АБ - Абонемент НБ 25/02/2009 25/2009 12.00 119714   262.12: 929 З-66 119714 05/11/2021 25/02/2009 Книги    
    Universal Decimal Classification     ЧЗ - Читальна зала ЧЗ - Читальна зала 25/02/2009 25/2009 12.00 119715   262.12: 929 З-66 119715 07/02/2022 25/02/2009 Книги    
Withdrawn   Universal Decimal Classification     ЧЗ - Читальна зала ЧЗ - Читальна зала 25/02/2009 25/2009 12.00 119716   262.12: 929 З-66 119716 13/07/2019 25/02/2009 Книги    
    Universal Decimal Classification     ЧЗ - Читальна зала ЧЗ - Читальна зала 25/02/2009 25/2009 12.00 119717 1 262.12: 929 З-66 119717 07/02/2022 25/02/2009 Книги 28/11/2019  
    Universal Decimal Classification     ЧЗ - Читальна зала ЧЗ - Читальна зала 15/03/2018 8/2018 12.00 158300   262.12: 929 З-66 158300 06/02/2022 25/02/2009 Книги   Колекція Кралюка П.М.